000
00291nam a22001337a 4500
008
170413b xxu||||| |||| 00| 0 eng d
020
_a
9780323031288
041
_a
eng
080
_2
6TH
_a
612.39
100
_a
10
101
_a
SHM
245
_a
HEALTH PROMOTION
_c
EDELMAN
942
_2
udc
_c
BK
999
_c
10708
_d
10708